书目信息 |
| 书名: | Dictionary of science and technology | |
| 作者: | ||
| 分册号: | ||
| 分册名: | 出版地: | Edinburgh : |
|
| 出版社: | W. and R. Chambers | |
| 出版时间: | 1974. | |
| 页数: | xvi, 1328 p. : | |
| 开本: | 22 cm. | |
| 丛书名: | ||
| 中图分类号: | ||
| 科图分类号: | ||
| 其他分类号: | N42-192 | |
| 主题词: | ||
| 电子资源: | ||
| 000 | 00922cam 2200301 a 4500 | |
| 001 | E0753090110 | |
| 005 | 20070305150509.25 | |
| 008 | 750102s1974 stka d 00000 eng | |
| 010 | @a 74190675 //r85 | |
| 015 | @aGB74-19989 | |
| 020 | @a0550132023. | |
| 040 | @cDLC@dNUL | |
| 050 | 00 | @aQ123@b.D53 1974 |
| 082 | 00 | @a503 |
| 090 | @aN42/W15 | |
| 090 | @aN42-192 | |
| 093 | @aN42 @2 4 | |
| 099 | @dN42-192@ex22 | |
| 245 | 00 | @aDictionary of science and technology. |
| 250 | @aRevised ed. / :@bEditors, T. C. Collocott, A. B. Dobson. | |
| 260 | @aEdinburgh :@bW. and R. Chambers,@c1974. | |
| 300 | @axvi, 1328 p. :@bill. ;@c22 cm. | |
| 650 | 0 | @aScience@xDictionaries. |
| 650 | 0 | @aTechnology@xDictionaries. |
| 700 | 1 | @aCollocott, T. C.,@eed. |
| 700 | 1 | @aDobson, A. B.@q(Alan Binaloss),@eed. |
| 740 | 1 | @aChambers dictionary of science and technology. |
| 920 | @a232010@z2 | |
| Dictionary of science and technology.-Revised ed. / : : Editors, T. C. Collocott, A. B. Dobson.-Edinburgh : : W. and R. Chambers, , 1974. |
| xvi, 1328 p. : : ill. ; ; 22 cm. |
| ISBN 0550132023. |
| ● |
| 相关链接 |
|
|
|
|
正题名:Dictionary of science and technology
索取号:N42-192/x22
 
预约/预借
| 序号 | 登录号 | 条形码 | 馆藏地/架位号 | 状态 | 备注 |
| 1 | 0000055 | 300000558 | 第四借阅区/ [索取号:N42-192/x22] | 在馆 |